000 00645nam a2200229Ia 4500
005 20250425161958.0
008 250425s9999 xx 000 0 und d
020 _a0471397482
041 _aeng
082 _a658.15
245 0 _aVALUATION: MEASURING AND MANAGING THE VALUE OF COMPANIES
250 _a3RD ED.
260 _aEstados Unidos
_bJOHN WILWY & SONS, INC
_c2000
260 _aNEW YORK
300 _a490
500 _aAUTORES:MCKINSEY & COMPANY; TON COPELAND; TIM KOLLER; JACK MURRININCLUYE CD-ROM
650 _aADMINISTRACION FINANCIERA
650 _aCOMPAÑIAS
650 _aEVALUACION
942 _c01
010 _a38537
999 _c220033
_d220033